000 00333nam a2200133Ia 4500
008 230917s9999||||xx |||||||||||||| ||und||
040 _e93863
_aMAIN
041 _aEnglish
082 _a617.3 R137I
100 _aRajesh Kumar
245 0 _aInterlocking nailing in diaphyseal fractures of the Tibia
300 _a101 p.
942 _cTH
999 _c86854
_d86854